000 01188nam a2200325 i 4500
003 DO-SdBPM
005 20251217114532.0
006 a||||gr|||| 00| 0
007 ta
008 230518e1991 dr ad gr|||| 001 e spa d
020 _a968664296X
040 _aDO-SdBPM
_bspa
_cBPMSU
_erda
_d
082 4 _a338.98
_bW732c 1991
_222
100 1 _aWilliamson, John
_4aut.
_eautor
111 1 _aArticulación de las políticas económicas y sociales
_n(1:
_d2001:
_cJuan Dolio, República Dominicana)
245 1 3 _a El cambio en las políticas económicas de América Latina /
_cJohn Williamson
264 _aMéxico :
_bInstituto de Estudios Económicos Internacionales,
_c1991
300 _a132 páginas ;
_c23 cm
_b
336 _2rdacontent
_atexto
_btxt
337 _2rdamedia
_asin medición
_bn
338 _2rdacarreir
_avolumen
_bnc
500 _aIncluye referencias bibliográficas y notas al pie de las páginas
590 _aInventariado 2025 / VM
650 _a
651 7 _aAmérica Latina
_xPolítica económica.
651 7 _aAmérica Latina
_xPolítica social
700 1 _aLizardo, Jafrey
_eeditor
910 _aVMateo V. Control de calidad. BPMSU
942 _2ddc
_cBK
999 _c15586
_d15586